[Event "Rhein Main op-B 25th"]
[Site "Bad Homburg"]
[Date "2023.06.09"]
[Round "4"]
[White "Graf, Michael"]
[Black "Moldenhauer, Nils"]
[Result "1-0"]
[WhiteElo "1673"]
[BlackElo "1456"]
[PlyCount "105"]
[EventDate "2023.06.07"]
[EventType "swiss"]
[EventRounds "7"]
[EventCountry "GER"]
[SourceTitle "CBM 215 Extra"]
[Source "ChessBase"]
[SourceDate "2023.09.30"]
[SourceVersion "1"]
[SourceVersionDate "2023.09.30"]
[SourceQuality "1"]

1. b4 e5 2. a3 Nf6 3. Bb2 d6 4. e3 Bf5 5. Nf3 Be7 6. c4 Nbd7 7. Be2 0-0 8. 0-0 Nb6 9. d4 e4 10. Nfd2 c6 11. Nc3 d5 12. Qb3 Be6 13. c5 Nbd7 14. a4 Qc7 15. h3 Kh8 16. Rfc1 Ng8 17. b5 f5 18. a5 a6 19. bxa6 bxa6 20. Na4 Rfb8 21. Nb6 Ra7 22. Ra3 Bf6 23. Nb1 Ne7 24. Nc3 Ng6 25. Bf1 Ne7 26. Na2 Rf8 27. Nb4 Nb8 28. Be2 g6 29. Qd1 Bg7 30. Qf1 Qb7 31. Rd1 Re8 32. Rd2 Rf8 33. f4 Rf7 34. g4 Bf8 35. g5 Kg8 36. h4 Rg7 37. Bd1 Bf7 38. Rh2 Be8 39. Qh3 Qc7 40. Ra2 Qb7 41. Bc3 Bf7 42. Rag2 Be8 43. h5 Qc7 44. hxg6 Bxg6 45. Bh5 Qb7 46. Bxg6 hxg6 47. Qh8+ Kf7 48. Rh3 Rg8 49. Qf6+ Ke8 50. Rh7 Qc7 51. Rgh2 Nd7 52. Qf7+ Kd8 53. Rh8 1-0

[Event "Eschborn op"]
[Site "Eschborn"]
[Date "2018.10.07"]
[Round "5"]
[White "Graf, Michael"]
[Black "Hegmann, Kolja"]
[Result "1-0"]
[WhiteElo "1768"]
[BlackElo "1342"]
[PlyCount "91"]
[EventDate "2018.10.05"]
[EventType "swiss"]
[EventRounds "5"]
[EventCountry "GER"]
[SourceTitle "CBM 187 Extra"]
[Source "ChessBase"]
[SourceDate "2018.11.04"]
[SourceVersion "1"]
[SourceVersionDate "2018.11.04"]
[SourceQuality "1"]

1. b4 d5 2. Bb2 Bf5 3. e3 Nf6 4. Nf3 e6 5. b5 c6 6. a4 Be7 7. Be2 0-0 8. 0-0 a6 9. c4 dxc4 10. Bxc4 axb5 11. axb5 Rxa1 12. Bxa1 cxb5 13. Bxb5 Qa5 14. Nc3 Ne4 15. Qb3 Bf6 16. d4 g5 17. Nxe4 Bxe4 18. Bc3 Qb6 19. Nd2 Bd5 20. Qb2 Bc6 21. Rb1 h5 22. Bxc6 Qxb2 23. Rxb2 bxc6 24. Bb4 Rc8 25. Ne4 Kg7 26. Bd6 Nd7 27. Rb7 Ra8 28. h3 Rd8 29. Rc7 Nb8 30. Ra7 Nd7 31. Bc7 Rc8 32. Nd6 Rg8 33. Ba5 Nf8 34. Nxf7 Kg6 35. Nd6 e5 36. dxe5 Bxe5 37. Nc4 Kf5 38. Nxe5 Kxe5 39. Ra8 Kd6 40. Kf1 g4 41. hxg4 hxg4 42. Ke2 Rg5 43. Bb4+ c5 44. Bxc5+ Rxc5 45. Rxf8 Kd5 46. Rf5+ 1-0

[Event "Feffernitz op 27th"]
[Site "Feffernitz"]
[Date "2018.08.21"]
[Round "4"]
[White "Graf, Michael"]
[Black "Rabus, Berthold"]
[Result "1/2-1/2"]
[WhiteElo "1834"]
[BlackElo "2141"]
[PlyCount "31"]
[EventDate "2018.08.19"]
[EventType "swiss"]
[EventRounds "9"]
[EventCountry "AUT"]
[SourceTitle "CBM 186 Extra"]
[Source "ChessBase"]
[SourceDate "2018.08.24"]
[SourceVersion "1"]
[SourceVersionDate "2018.08.24"]
[SourceQuality "1"]

1. b4 e5 2. a3 d5 3. Bb2 Bd6 4. e3 Nf6 5. Nf3 Qe7 6. c4 c6 7. c5 Bc7 8. d4 e4 9. Nfd2 Ng4 10. g3 Qg5 11. Qe2 Nxh2 12. Rxh2 Bg4 13. Nxe4 dxe4 14. Qc2 f5 15. Bc4 Nd7 16. Nc3 1/2-1/2

[Event "Feffernitz op 27th"]
[Site "Feffernitz"]
[Date "2018.08.19"]
[Round "2"]
[White "Graf, Michael"]
[Black "Ganglberger, Robert"]
[Result "0-1"]
[WhiteElo "1834"]
[BlackElo "2053"]
[PlyCount "122"]
[EventDate "2018.08.19"]
[EventType "swiss"]
[EventRounds "9"]
[EventCountry "AUT"]
[SourceTitle "CBM 186 Extra"]
[Source "ChessBase"]
[SourceDate "2018.08.24"]
[SourceVersion "1"]
[SourceVersionDate "2018.08.24"]
[SourceQuality "1"]

1. b4 d5 2. Bb2 Nf6 3. e3 Bf5 4. Nf3 h6 5. Be2 e6 6. b5 Be7 7. d4 0-0 8. Nbd2 c5 9. 0-0 Nbd7 10. c4 b6 11. Qb3 Bh7 12. a4 Qc7 13. Rac1 Qb7 14. Rfd1 Rfd8 15. Ne5 Nxe5 16. dxe5 dxc4 17. Nxc4 Nd5 18. Bf3 Qc7 19. Nd6 Bxd6 20. exd6 Qd7 21. Bxd5 exd5 22. Qxd5 Re8 23. Rc4 Bf5 24. Rf4 Bc2 25. Rd2 Bg6 26. e4 Rad8 27. f3 Re6 28. e5 Ree8 29. Rg4 Qf5 30. d7 Re7 31. Qc6 Rexd7 32. Rxd7 Qxd7 33. Qxd7 Rxd7 34. e6 fxe6 35. Rxg6 Rd1+ 36. Kf2 Rd2+ 37. Kg3 Rxb2 38. Rxe6 Rb4 39. Re4 Rxe4 40. fxe4 Kf7 41. Kf4 Ke6 42. e5 g5+ 43. Ke4 g4 44. Kf4 h5 45. g3 c4 46. Ke4 c3 47. Kd3 Kxe5 48. Kxc3 Ke4 49. Kc4 Kf3 50. Kd5 Kg2 51. Kc6 Kxh2 52. Kb7 Kxg3 53. Kxa7 Kf3 54. a5 g3 55. axb6 g2 56. b7 g1Q+ 57. Ka6 Qa1+ 58. Kb6 Qd4+ 59. Ka6 Qd6+ 60. Ka7 Qd7 61. Kb6 Qe8 0-1

[Event "Rhein Main op-B 21st"]
[Site "Bad Homburg"]
[Date "2018.06.02"]
[Round "6"]
[White "Graf, Michael"]
[Black "Moldenhauer, Lennart"]
[Result "1-0"]
[WhiteElo "1782"]
[BlackElo "1465"]
[PlyCount "125"]
[EventDate "2018.05.30"]
[EventType "swiss"]
[EventRounds "7"]
[EventCountry "GER"]
[SourceTitle "EXT 2019"]
[Source "ChessBase"]
[SourceDate "2018.10.10"]
[SourceVersion "1"]
[SourceVersionDate "2018.10.10"]
[SourceQuality "1"]

1. d4 d5 2. Nf3 Nf6 3. Bg5 Ne4 4. Bf4 Bf5 5. e3 e6 6. Bd3 Bd6 7. 0-0 0-0 8. Nbd2 Nxd2 9. Qxd2 Bxf4 10. exf4 Bxd3 11. Qxd3 Nd7 12. Rfe1 Qf6 13. Qd2 Rac8 14. Ne5 Nxe5 15. fxe5 Qe7 16. f4 c5 17. c3 Rc7 18. Rad1 Rfc8 19. dxc5 Qxc5+ 20. Qd4 Qxd4+ 21. Rxd4 Rc4 22. Red1 Kf8 23. Kf2 Ke7 24. Ke3 b5 25. Rxc4 bxc4 26. Kd4 Kd7 27. Rf1 Rb8 28. Rf2 Ke7 29. g4 g6 30. f5 Rb5 31. fxg6 hxg6 32. h4 Kf8 33. Ke3 Kg7 34. Kf4 Kh6 35. Ke3 Kg7 36. Kf4 Kh6 37. Kg3 Rb7 38. Rh2 a5 39. a4 Rd7 40. Rd2 Rb7 41. Kf4 Rb8 42. Ke3 Rc8 43. Rf2 Rc7 44. Kf4 Rd7 45. Kg3 Rb7 46. g5+ Kh5 47. Kh3 Rd7 48. Rf4 Rb7 49. Kg3 Rd7 50. Rd4 Rb7 51. Rf4 Rd7 52. Kf2 Rb7 53. Ke3 Rd7 54. Kd4 Rc7 55. Ke3 Rd7 56. Kd2 Rb7 57. Kc2 Rd7 58. b4 axb4 59. cxb4 d4 60. Kd2 Rb7 61. b5 Ra7 62. Rxd4 Rxa4 63. Kc3 1-0

[Event "Rhein Main op-B 21st"]
[Site "Bad Homburg"]
[Date "2018.05.30"]
[Round "1"]
[White "Schneider, Soenke"]
[Black "Graf, Michael"]
[Result "0-1"]
[WhiteElo "1419"]
[BlackElo "1782"]
[PlyCount "102"]
[EventDate "2018.05.30"]
[EventType "swiss"]
[EventRounds "7"]
[EventCountry "GER"]
[SourceTitle "EXT 2019"]
[Source "ChessBase"]
[SourceDate "2018.10.10"]
[SourceVersion "1"]
[SourceVersionDate "2018.10.10"]
[SourceQuality "1"]

1. c4 c5 2. g3 e6 3. Nf3 b6 4. Bg2 Bb7 5. 0-0 Qc7 6. Nc3 a6 7. a4 d6 8. d3 Nd7 9. b3 Ngf6 10. e3 Be7 11. d4 0-0 12. Re1 Rac8 13. e4 cxd4 14. Qxd4 Rfd8 15. Ba3 Nc5 16. Nd2 Nfd7 17. Qe3 Bc6 18. Rab1 Bf6 19. Bb2 Ne5 20. Re2 Qb7 21. Na2 h6 22. Nb4 Ng4 23. Qf3 Bxb2 24. Rxb2 Ne5 25. Qe3 a5 26. Nc2 Ned3 27. Rb1 e5 28. Ne1 Nxe1 29. Rbxe1 Rc7 30. Rd1 Ne6 31. Nf3 Nc5 32. Nd2 f5 33. f3 Ne6 34. Rf2 f4 35. Qd3 g5 36. Bh3 Nd4 37. Bg4 Rg7 38. gxf4 gxf4 39. Kh1 Kh8 40. Rg1 Rdg8 41. Rfg2 Qe7 42. Qf1 Qh4 43. Qe1 Qxe1 44. Rxe1 Nc2 45. Ree2 Ne3 46. Rg1 h5 47. h3 hxg4 48. hxg4 Rh7+ 49. Rh2 Rgg7 50. Nf1 Rxh2+ 51. Nxh2 Rh7 0-1

[Event "Eschborn op"]
[Site "Eschborn"]
[Date "2017.10.14"]
[Round "3"]
[White "Graf, Michael"]
[Black "Mueller, Gerhard1111"]
[Result "1/2-1/2"]
[WhiteElo "1661"]
[BlackElo "1725"]
[PlyCount "58"]
[EventDate "2017.10.13"]
[EventType "swiss"]
[EventRounds "5"]
[EventCountry "GER"]
[SourceTitle "EXT 2019"]
[Source "ChessBase"]
[SourceDate "2018.10.10"]
[SourceVersion "1"]
[SourceVersionDate "2018.10.10"]
[SourceQuality "1"]

1. b4 e5 2. Bb2 d6 3. e3 Nf6 4. c4 Nbd7 5. Nf3 Be7 6. d4 e4 7. Nfd2 c6 8. Nc3 d5 9. Qb3 Nb6 10. c5 Nbd7 11. a4 0-0 12. Be2 Kh8 13. b5 Rb8 14. a5 a6 15. b6 Ne8 16. 0-0-0 f5 17. g3 Nef6 18. Rdf1 Qe8 19. h3 Qf7 20. Na4 Rg8 21. g4 Nf8 22. g5 Nh5 23. Qd1 g6 24. h4 Ne6 25. Kb1 Neg7 26. Rhg1 Re8 27. Qb3 Kg8 28. f3 Be6 29. f4 Bd7 1/2-1/2

[Event "Eschborn op"]
[Site "Eschborn"]
[Date "2017.10.14"]
[Round "2"]
[White "Hahnenstein, Leon"]
[Black "Graf, Michael"]
[Result "0-1"]
[WhiteElo "1400"]
[BlackElo "1661"]
[PlyCount "114"]
[EventDate "2017.10.13"]
[EventType "swiss"]
[EventRounds "5"]
[EventCountry "GER"]
[SourceTitle "EXT 2019"]
[Source "ChessBase"]
[SourceDate "2018.10.10"]
[SourceVersion "1"]
[SourceVersionDate "2018.10.10"]
[SourceQuality "1"]

1. e4 c5 2. Bc4 e6 3. d3 Nc6 4. c3 Qc7 5. Nf3 Nf6 6. Be3 a6 7. Nbd2 b5 8. Bb3 Bb7 9. h3 Be7 10. 0-0 0-0 11. Re1 Rfd8 12. Rc1 Rac8 13. c4 Na5 14. e5 Ne8 15. Bf4 d5 16. cxb5 axb5 17. Nd4 Qb6 18. N4f3 c4 19. Bc2 Bc5 20. Bg3 b4 21. b3 c3 22. Nf1 Nc6 23. Ne3 Nd4 24. Nxd4 Bxd4 25. Qh5 Bxe3 26. Rxe3 d4 27. Ree1 Qc6 28. f3 Qc5 29. Kh2 Nf6 30. Qg5 h6 31. Qh4 Nd5 32. Bf2 Ne7 33. f4 Nf5 34. Qg4 Ra8 35. Ra1 Ra3 36. Rec1 Rda8 37. Bb1 Qd5 38. Rc2 Qb5 39. Rc1 Bd5 40. Bc2 Rxa2 41. Rxa2 Rxa2 42. Qd1 Qb7 43. Qg1 Rb2 44. g4 Bxb3 45. Bxb3 Nh4 46. Bd1 Nf3+ 47. Bxf3 Qxf3 48. Rf1 Qxf4+ 49. Qg3 Qxg3+ 50. Kxg3 Rxf2 51. Kxf2 b3 52. Ke2 b2 53. Rb1 c2 54. Rxb2 c1Q 55. Rd2 Qg1 56. Rd1 Qe3+ 57. Kf1 Qxh3+ 0-1

[Event "Leiden LCT op-B 11th"]
[Site "Leiden"]
[Date "2017.07.14"]
[Round "1"]
[White "Baak, Evert"]
[Black "Graf, Michael"]
[Result "1-0"]
[WhiteElo "1888"]
[BlackElo "1704"]
[PlyCount "81"]
[EventDate "2017.07.14"]
[EventType "swiss"]
[EventRounds "9"]
[EventCountry "NED"]
[SourceTitle "EXT 2018"]
[Source "ChessBase"]
[SourceDate "2017.10.13"]
[SourceVersion "1"]
[SourceVersionDate "2017.10.13"]
[SourceQuality "1"]

1. Nf3 Nf6 2. d4 b5 3. g3 Bb7 4. Bg2 e6 5. 0-0 d6 6. Nbd2 Nbd7 7. c4 b4 8. Re1 Be7 9. e4 0-0 10. Qc2 c5 11. e5 dxe5 12. dxe5 Ne8 13. Ng5 Bxg5 14. Bxb7 Rb8 15. Bg2 Qc7 16. f4 Be7 17. Ne4 Rb6 18. b3 g6 19. Bb2 Ng7 20. g4 h5 21. h3 Rd8 22. Rad1 Nf8 23. Rxd8 Qxd8 24. Rd1 Qc7 25. Rd2 Ra6 26. Ba1 Kh8 27. Bf3 h4 28. Qd1 Ne8 29. Qe1 Nh7 30. Nd6 Qb8 31. Nxf7+ Kg7 32. Nd6 Kf8 33. Ne4 g5 34. f5 exf5 35. gxf5 Qc8 36. Bg4 Qc6 37. Qe3 Nhf6 38. exf6 Nxf6 39. Bf3 Qc7 40. Qxg5 Nxe4 41. Qg7+ 1-0

[Event "Eschborn op"]
[Site "Eschborn"]
[Date "2016.09.04"]
[Round "5"]
[White "Henrich, David"]
[Black "Graf, Michael"]
[Result "1-0"]
[WhiteElo "2141"]
[BlackElo "1585"]
[PlyCount "40"]
[EventDate "2016.09.02"]
[EventType "swiss"]
[EventRounds "5"]
[EventCountry "GER"]
[SourceTitle "EXT 2018"]
[Source "ChessBase"]
[SourceDate "2017.10.13"]
[SourceVersion "1"]
[SourceVersionDate "2017.10.13"]
[SourceQuality "1"]

1. c4 c5 2. g3 Nf6 3. Bg2 e6 4. Nf3 d6 5. 0-0 Be7 6. Nc3 0-0 7. d4 cxd4 8. Nxd4 a6 9. e4 Nbd7 10. Qe2 Qc7 11. h3 Re8 12. Be3 Rb8 13. Rac1 b6 14. Rfd1 Bb7 15. g4 Nc5 16. Bf1 Ba8 17. b4 Ncd7 18. b5 a5 19. Nc6 Rbc8 20. e5 dxe5 1-0

[Event "Eschborn op 11th"]
[Site "Eschborn"]
[Date "2014.09.06"]
[Round "3"]
[White "Graf, Michael"]
[Black "Mueller, Maximilian"]
[Result "0-1"]
[WhiteElo "1649"]
[BlackElo "2169"]
[PlyCount "52"]
[EventDate "2014.09.05"]
[EventType "swiss"]
[EventRounds "5"]
[EventCountry "GER"]
[SourceTitle "EXT 2015"]
[Source "ChessBase"]
[SourceDate "2014.11.20"]
[SourceVersion "1"]
[SourceVersionDate "2014.11.20"]
[SourceQuality "1"]

1. d4 d5 2. Bf4 c5 3. e3 Nc6 4. c3 Qb6 5. Qb3 c4 6. Qc2 Bf5 7. Qc1 Nf6 8. Nf3 h6 9. Nbd2 g5 10. Bg3 Bg7 11. b3 cxb3 12. axb3 Rc8 13. Ne5 Nb4 14. Ndc4 dxc4 15. Nxc4 Rxc4 16. bxc4 Nc2+ 17. Kd1 Nxa1 18. Qxa1 Qb3+ 19. Ke1 Ne4 20. c5 0-0 21. f3 Nxc5 22. e4 Bg6 23. h4 Qc2 24. hxg5 Nb3 25. Qd1 Qxc3+ 26. Ke2 Nc1+ 0-1

[Event "Wuerttemberg-ch KT"]
[Site "Gruenbach"]
[Date "2014.09.04"]
[Round "6"]
[White "Graf, Michael"]
[Black "Fischer, Thomas1111"]
[Result "0-1"]
[WhiteElo "1834"]
[BlackElo "1954"]
[PlyCount "66"]
[EventDate "2014.08.30"]
[EventType "swiss"]
[EventRounds "9"]
[EventCountry "GER"]
[SourceTitle "EXT 2017"]
[Source "ChessBase"]
[SourceDate "2016.10.25"]
[SourceVersion "1"]
[SourceVersionDate "2016.10.25"]
[SourceQuality "1"]

1. b4 d5 2. Bb2 Nf6 3. e3 c6 4. Nf3 Bg4 5. Be2 e6 6. a3 Nbd7 7. d4 Bd6 8. Nbd2 0-0 9. c4 Rc8 10. Qb3 Ne4 11. Bd3 Bxf3 12. Nxf3 f5 13. Qc2 Ndf6 14. c5 Bb8 15. 0-0-0 Qe7 16. h4 Ng4 17. Rdf1 g6 18. Rh3 Ngf6 19. Rg1 Ng4 20. Rf1 Rf7 21. Ng1 Ngf6 22. Ne2 Nh5 23. Bxe4 fxe4 24. g4 Ng7 25. Nc3 Rcf8 26. h5 Rf3 27. Rxf3 Rxf3 28. hxg6 hxg6 29. Nxe4 dxe4 30. Qxe4 Qf7 31. g5 Qf5 32. Qh4 Rh3 33. e4 Qf3 0-1

[Event "Karl Mala Memorial op-A 17th"]
[Site "Frankfurt"]
[Date "2014.08.02"]
[Round "4"]
[White "Guenther, Rainer"]
[Black "Graf, Michael"]
[Result "0-1"]
[WhiteElo "1704"]
[BlackElo "1834"]
[PlyCount "38"]
[EventDate "2014.07.31"]
[EventType "swiss"]
[EventRounds "7"]
[EventCountry "GER"]
[SourceTitle "EXT 2015"]
[Source "ChessBase"]
[SourceDate "2014.11.20"]
[SourceVersion "1"]
[SourceVersionDate "2014.11.20"]
[SourceQuality "1"]

1. e4 e6 2. d4 d5 3. Nc3 dxe4 4. Nxe4 Bd7 5. Nf3 Bc6 6. Ng3 Nd7 7. Be2 Ngf6 8. 0-0 Bd6 9. c4 Qe7 10. Re1 0-0-0 11. a3 Nc5 12. b4 Ba4 13. Qd2 Nb3 14. Qb2 Nxa1 15. Qxa1 Bxg3 16. hxg3 Ng4 17. Ng5 h5 18. Bf3 Qf6 19. Bb2 Qxg5 0-1

[Event "Karl Mala Memorial op-A 17th"]
[Site "Frankfurt"]
[Date "2014.08.01"]
[Round "3"]
[White "Graf, Michael"]
[Black "Berkes, Joerg"]
[Result "0-1"]
[WhiteElo "1834"]
[BlackElo "1745"]
[PlyCount "98"]
[EventDate "2014.07.31"]
[EventType "swiss"]
[EventRounds "7"]
[EventCountry "GER"]
[SourceTitle "EXT 2015"]
[Source "ChessBase"]
[SourceDate "2014.11.20"]
[SourceVersion "1"]
[SourceVersionDate "2014.11.20"]
[SourceQuality "1"]

1. b4 a5 2. b5 e5 3. Bb2 d6 4. e3 Nf6 5. c4 Bf5 6. Nf3 c6 7. a4 g6 8. Be2 Bg7 9. d4 e4 10. Nfd2 d5 11. Ba3 h5 12. Nc3 Bf8 13. Bxf8 Kxf8 14. Qb3 Qd7 15. Rb1 Kg7 16. cxd5 cxd5 17. Rc1 Rc8 18. 0-0 Qd6 19. Ncxe4 Nxe4 20. Nxe4 dxe4 21. Rxc8 Bxc8 22. Rc1 Be6 23. Qb2 Bd5 24. Rc8 b6 25. Qc3 Nd7 26. Rc7 Nf6 27. h3 Qb4 28. Qc2 Bb3 29. Qc6 Rf8 30. Qxb6 Nd5 31. Qb7 Nxc7 32. Qxc7 Bxa4 33. Qe5+ Kg8 34. Bxh5 Qxb5 35. d5 Qb1+ 36. Kh2 Qb8 37. d6 Qb5 38. Qxe4 gxh5 39. Qe7 Qf5 40. e4 Qe6 41. Qg5+ Qg6 42. Qxa5 Qxd6+ 43. e5 Qc6 44. f4 Qe4 45. Qd2 h4 46. Qf2 Bc6 47. Qf1 Qe3 48. f5 Qxe5+ 49. Kg1 Ra8 0-1

[Event "Ruhrgebiet VK3 0001"]
[Site "Ruhrgebiet"]
[Date "2000.11.19"]
[Round "3"]
[White "Heidel, Klaus"]
[Black "Graf, Michael"]
[Result "1-0"]
[WhiteElo "1797"]
[BlackElo "1683"]
[PlyCount "81"]
[EventDate "2000.09.17"]
[EventType "team-tourn"]
[EventRounds "9"]
[EventCountry "GER"]
[SourceTitle "EXT 2023"]
[Source "ChessBase"]
[SourceDate "2022.10.05"]
[SourceVersion "1"]
[SourceVersionDate "2022.10.05"]
[SourceQuality "1"]
[WhiteTeam "Drewer SG"]
[BlackTeam "Marten Boevinghausen"]
[WhiteTeamCountry "GER"]
[BlackTeamCountry "GER"]

1. d4 Nf6 2. Bg5 g6 3. Bxf6 exf6 4. e4 Bg7 5. Bd3 d5 6. exd5 Qxd5 7. Nf3 0-0 8. 0-0 Nc6 9. c3 Bg4 10. Na3 Rad8 11. Nc2 Ne5 12. Be2 Nxf3+ 13. Bxf3 Bxf3 14. Qxf3 Qxf3 15. gxf3 Rfe8 16. Rfe1 Bh6 17. Rxe8+ Rxe8 18. Re1 Re6 19. Ne3 Kf8 20. Kf1 c6 21. Ke2 b5 22. Kd3 Rd6 23. a4 a6 24. axb5 axb5 25. b4 f5 26. c4 Bg7 27. Nc2 Bf6 28. Kc3 Kg7 29. Re8 Bh4 30. cxb5 cxb5 31. Rb8 Bxf2 32. Rxb5 Kf6 33. Rb7 g5 34. h3 h5 35. b5 g4 36. Kd3 gxf3 37. Ra7 Be1 38. Ra1 Bg3 39. Rh1 f2 40. Ne3 Rb6 41. Nd5+ 1-0